LIBRARY & INFORMATION CENTRE, KCAET, TAVANUR

ONLINE PUBLIC ACCESS CATALOGUE (OPAC)

Some faces in the crowd / (Record no. 11382)

MARC details
000 -LEADER
fixed length control field 00358cam a2200145ua 4500
041 ## - LANGUAGE CODE
Language code of text/sound track or separate title eng
082 ## - DEWEY DECIMAL CLASSIFICATION NUMBER
Classification number 823.308
Item number SCH/SO
100 ## - MAIN ENTRY--AUTHOR NAME
Personal name Schulberg, Budd .
245 ## - TITLE STATEMENT
Title Some faces in the crowd /
260 ## - PUBLICATION, DISTRIBUTION, ETC. (IMPRINT)
Place of publication London :
Name of publisher Bodley Head ,
Year of publication 1963.
300 ## - PHYSICAL DESCRIPTION
Number of Pages 175 ; .
942 ## - ADDED ENTRY ELEMENTS (KOHA)
Koha item type Books
Holdings
Withdrawn status Lost status Damaged status Home library Current library Date acquired Cost, normal purchase price Full call number Accession Number Koha item type Public note
Withdrawn     KAUAET Malayalam University 07/04/2012 16.00 823.308 7107 Books Transferred to Malayalam University
free website counter